Исследование влияния естественных препятствий на характеристики дифракционного поля УКВ: Диссертация на соискание ученой степени кандидата технических наук

Bibliographic Details
Main Author: Абарыков В. Н.
Corporate Author: Академия наук СССР (АН СССР) Сибирское отделение (СО) Бурятский институт естественных наук (БИЕН)
Other Authors: Цыдыпов Ч. Ц. (научный руководитель), Хомяк Е. М.
Language:Russian
Published: Улан-Удэ, 1973
Subjects:
Format: Book
KOHA link:https://koha.lib.tpu.ru/cgi-bin/koha/opac-detail.pl?biblionumber=127412

MARC

LEADER 00000nbm0a2200000 4500
001 127412
005 20231031132227.0
035 |a (RuTPU)RU\TPU\book\137828 
090 |a 127412 
100 |a 20071214d1973 k y0rusy50 ca 
101 0 |a rus 
102 |a RU 
105 |a a m 001zy 
200 1 |a Исследование влияния естественных препятствий на характеристики дифракционного поля УКВ  |e Диссертация на соискание ученой степени кандидата технических наук  |f В. Н. Абарыков  |g Академия наук СССР (АН СССР), Сибирское отделение (СО), Бурятский институт естественных наук (БИЕН) ; науч. рук. Ч. Ц. Цыдыпов, Е. М. Хомяк 
210 |a Улан-Удэ  |d 1973 
215 |a 143 л.  |c ил. 
320 |a Библиогр.: с. 134-143 (105 назв.) 
610 1 |a диссертации 
610 1 |a электромагнитная энергия 
610 1 |a ультракороткие радиоволны 
610 1 |a естественные препятствия 
610 1 |a дифракция 
610 1 |a трассы 
610 1 |a рельефы 
610 1 |a дифракционные модели 
610 1 |a поглощение 
700 1 |a Абарыков  |b В. Н. 
702 1 |a Цыдыпов  |b Ч. Ц.  |4 727 
702 1 |a Хомяк  |b Е. М.  |4 727 
712 0 2 |a Академия наук СССР (АН СССР)  |b Сибирское отделение (СО)  |b Бурятский институт естественных наук (БИЕН)  |c (Улан-Удэ)  |2 stltpush  |3 (RuTPU)RU\TPU\col\11570 
801 1 |a RU  |b 63413507  |c 20071214  |g PSBO 
942 |c BK